Diseño, dimensionamiento y costeo de un reactor a escala de laboratorio para la obtención de hidrógeno a partir de la gasificación de biomasa húmeda en agua a condiciones supercríticas
Tallennettuna:
| Päätekijä: | |
|---|---|
| Muut tekijät: | |
| Aineistotyyppi: | Kirja |
| Kieli: | Spanish |
| Julkaistu: |
San José, Costa Rica,
2019.
|
| Aiheet: | |
| Tagit: |
Lisää tagi
Ei tageja, Lisää ensimmäinen tagi!
|
MARC
| LEADER | 00000nam a22000007a 4500 | ||
|---|---|---|---|
| 003 | 013057 | ||
| 005 | 20230427141505.0 | ||
| 008 | 190517b2019 cr a|||| ||m| 00| ||spa d | ||
| 040 | |c cru CEDI | ||
| 100 | |9 456 |a Mata Monge, Orlando José, 1989- | ||
| 245 | |a Diseño, dimensionamiento y costeo de un reactor a escala de laboratorio para la obtención de hidrógeno a partir de la gasificación de biomasa húmeda en agua a condiciones supercríticas | ||
| 260 | |a San José, Costa Rica, |c 2019. | ||
| 500 | |a Proyecto de graduación(licenciatura en ingeniería química)--Universidad de Costa Rica. Facultad de Ingeniería. Escuela de Ingeniería Química | ||
| 501 | |a Directora de Proyecto de Graduación: Ing. Bárbara Miranda Morales, PhD | ||
| 650 | |x REACTORES QUIMICOS - COSTOS DE OPERACION |x DISEÑO EXPERIMENTAL |x REACTORES QUIMICOS - DISEÑO |x GASIFICACION DE LA BIOMASA |x HIDROGENO - PRODUCCION | ||
| 700 | |9 24 |a Miranda Morales, Bárbara Cristina, 1983- |d Directora del TFG | ||
| 942 | |c CEDI |h TFG 8207 |6 TFG_8207_000000000000000 | ||
| 999 | |c 21699 |d 21699 | ||
